Concepts and applications of finite element analysis (Record no. 15122)
[ view plain ]
| 000 -LEADER | |
|---|---|
| fixed length control field | 00652nam a2200217Ia 4500 |
| 003 - CONTROL NUMBER IDENTIFIER | |
| control field | IN-BaIIA |
| 008 - FIXED-LENGTH DATA ELEMENTS--GENERAL INFORMATION | |
| fixed length control field | 211028s9999 xx 000 0 eng d |
| 020 ## - INTERNATIONAL STANDARD BOOK NUMBER | |
| International Standard Book Number | 0-471-35605-0 |
| 040 ## - CATALOGING SOURCE | |
| Transcribing agency | IIA Library |
| 080 ## - UNIVERSAL DECIMAL CLASSIFICATION NUMBER | |
| Universal Decimal Classification number | 621 |
| Item number | COO |
| 100 ## - MAIN ENTRY--PERSONAL NAME | |
| Personal name | Cook, R. D. |
| 9 (RLIN) | 27615 |
| 245 #0 - TITLE STATEMENT | |
| Title | Concepts and applications of finite element analysis |
| Statement of responsibility, etc. | R. D. Cook |
| 260 ## - PUBLICATION, DISTRIBUTION, ETC. | |
| Place of publication, distribution, etc. | New York |
| Name of publisher, distributor, etc. | John Wiley & Sons |
| Date of publication, distribution, etc. | 2002 |
| 300 ## - PHYSICAL DESCRIPTION | |
| Extent | xvi,719p. |
| 650 ## - SUBJECT ADDED ENTRY--TOPICAL TERM | |
| Topical term or geographic name entry element | Bar Element |
| 9 (RLIN) | 27616 |
| 650 ## - SUBJECT ADDED ENTRY--TOPICAL TERM | |
| Topical term or geographic name entry element | Bilinear Quadilateral |
| 9 (RLIN) | 27617 |
| 650 ## - SUBJECT ADDED ENTRY--TOPICAL TERM | |
| Topical term or geographic name entry element | Galerkin Method |
| 9 (RLIN) | 27618 |
| 650 ## - SUBJECT ADDED ENTRY--TOPICAL TERM | |
| Topical term or geographic name entry element | Linear Traingle |
| 9 (RLIN) | 27619 |
| 650 ## - SUBJECT ADDED ENTRY--TOPICAL TERM | |
| Topical term or geographic name entry element | Residuals |
| 9 (RLIN) | 27620 |
| 942 ## - ADDED ENTRY ELEMENTS (KOHA) | |
| Koha item type | Books |
| Withdrawn status | Lost status | Damaged status | Not for loan | Home library | Current library | Shelving location | Date acquired | Source of acquisition | Cost, normal purchase price | Total Checkouts | Full call number | Barcode | Date last seen | Cost, replacement price | Price effective from | Koha item type | Purchase Price |
|---|---|---|---|---|---|---|---|---|---|---|---|---|---|---|---|---|---|
| IIA Library-Bangalore | IIA Library-Hosakote | General Stacks | 19/06/2003 | ANJ | 1237.80 | 621/ COO | 16044 | 05/11/2021 | 1237.80 | 19/06/2003 | Books | Rs. 1237.80 |